The GP consultation : (Record no. 6494)

MARC details
000 -LEADER
fixed length control field 00991pam a2200265 a 4500
001 - CONTROL NUMBER
control field 3996266
003 - CONTROL NUMBER IDENTIFIER
control field OSt
005 - DATE AND TIME OF LATEST TRANSACTION
control field 20200128120357.0
008 - FIXED-LENGTH DATA ELEMENTS--GENERAL INFORMATION
fixed length control field 960424s1996 maua b 001 0 eng
010 ## - LIBRARY OF CONGRESS CONTROL NUMBER
LC control number 96002900
020 ## - INTERNATIONAL STANDARD BOOK NUMBER
International Standard Book Number 0750631309
040 ## - CATALOGING SOURCE
Original cataloging agency DLC
Transcribing agency DLC
Modifying agency DLC
082 00 - DEWEY DECIMAL CLASSIFICATION NUMBER
Classification number 371.21
Edition number 20
Item number LIV 1989
100 1# - MAIN ENTRY--PERSONAL NAME
Personal name Livesey, Peter G.
9 (RLIN) 13353
245 14 - TITLE STATEMENT
Title The GP consultation :
Remainder of title a registrar's guide /
Statement of responsibility, etc. Peter G. Livessey.
260 ## - PUBLICATION, DISTRIBUTION, ETC. (IMPRINT)
Place of publication, distribution, etc. Boston, Mass. :
Name of publisher, distributor, etc. Butterworth Heinemann,
Date of publication, distribution, etc. 1996.
300 ## - PHYSICAL DESCRIPTION
Extent xv, 138 p. :
Other physical details ill. ;
Dimensions 22 cm.
500 ## - GENERAL NOTE
General note Prev. ed. published as: Partners in care. London : Heineman Medical Books, 1986.
504 ## - BIBLIOGRAPHY, ETC. NOTE
Bibliography, etc Includes bibliographical references (p. [122]-133) and index.
650 #0 - SUBJECT ADDED ENTRY--TOPICAL TERM
Topical term or geographic name as entry element Family medicine.
9 (RLIN) 2507
700 1# - ADDED ENTRY--PERSONAL NAME
Personal name Livesey, Peter G.
Dates associated with a name Partners in care.
9 (RLIN) 13354
906 ## - LOCAL DATA ELEMENT F, LDF (RLIN)
a 7
b cbu
c orignew
d 1
e ocip
f 19
g y-gencatlg
942 ## - ADDED ENTRY ELEMENTS (KOHA)
Source of classification or shelving scheme Dewey Decimal Classification
Koha item type Open Shelf
Holdings
Withdrawn status Lost status Source of classification or shelving scheme Damaged status Not for loan Home library Current library Date acquired Source of acquisition Inventory number Total Checkouts Full call number Barcode Date last seen Price effective from Koha item type
    Dewey Decimal Classification     MUST Main Library MUST Main Library 28/01/2020 Donation 2005/23256   371.21 LIV 1989 2020-0162 28/01/2020 28/01/2020 Open Shelf